000
00331nam a2200133Ia 4500
008
220204s9999 xx 000 0 und d
082
_a
631.4:581.5
_b
KIL
100
_a
Killham, Ken
245
0
_a
Soil ecology
260
_a
Cambridge University Press
_c
1994
650
_a
Soil biotechnology
650
_a
Soil science
942
_c
BK
999
_c
41199
_d
41199